[Event "17. Int. Boeblinger Open"]
[Site "Boeblingen"]
[Date "2000.12.27"]
[Round "2"]
[White "Zickelbein, Eva-Maria"]
[Black "Kekelidze, Mikheil"]
[Result "0-1"]
[WhiteElo "2141"]
[BlackElo "2512"]
[PlyCount "46"]
[EventDate "2000.12.26"]

1. e4 c5 2. Nf3 e6 3. d4 cxd4 4. Nxd4 a6 5. Bd3 Bc5 6. c3 Nc6 7. Nxc6 dxc6 8.
O-O e5 9. Kh1 Nf6 10. Bg5 h6 11. Bh4 Be6 12. b4 Ba7 13. a4 g5 14. Bg3 Ng4 15.
Qe2 h5 16. f3 h4 17. fxg4 hxg3 18. h3 Rh4 19. Bc4 Bxg4 20. Bxf7+ Ke7 21. Qd2
Qxd2 22. Nxd2 Bf2 23. Bg6 Rd8 0-1